[Event "Styrian op-A"]
[Site "Bad Gleichenberg"]
[Date "2013.07.11"]
[Round "6"]
[White "Moser, Eva"]
[Black "Wallner, Joachim"]
[Result "1-0"]
[WhiteElo "2446"]
[BlackElo "2404"]
[PlyCount "53"]
[EventDate "2013.07.06"]
[EventType "swiss"]
[EventRounds "9"]
[EventCountry "AUT"]
[SourceTitle "CBM 155 Extra"]
[Source "ChessBase"]
[SourceDate "2013.08.26"]
[SourceVersion "1"]
[SourceVersionDate "2013.08.26"]
[SourceQuality "1"]

1. e4 e5 2. Nf3 Nc6 3. d4 exd4 4. Nxd4 Bc5 5. Nxc6 Qf6 6. Qf3 dxc6 7. Bc4 Be6
8. Qxf6 Nxf6 9. Bxe6 fxe6 10. f3 O-O-O 11. Nd2 b5 12. Nb3 Bb6 13. a4 a6 14. Ke2
Kb7 15. a5 Ba7 16. Be3 Nd7 17. Bxa7 Kxa7 18. Nd4 Ne5 19. Nxe6 Rd6 20. Nc5 Rhd8
21. Rhd1 Nd7 22. Nxd7 R8xd7 23. h4 Kb7 24. f4 Rf7 25. Ke3 Rh6 26. g3 Rg6 27.
Kf3 1-0

[Event "Styrian op-A"]
[Site "Bad Gleichenberg"]
[Date "2013.07.10"]
[Round "5"]
[White "Moser, Eva"]
[Black "Reinwald, Patrick"]
[Result "1-0"]
[WhiteElo "2446"]
[BlackElo "2172"]
[PlyCount "49"]
[EventDate "2013.07.06"]
[EventType "swiss"]
[EventRounds "9"]
[EventCountry "AUT"]
[SourceTitle "CBM 155 Extra"]
[Source "ChessBase"]
[SourceDate "2013.08.26"]
[SourceVersion "1"]
[SourceVersionDate "2013.08.26"]
[SourceQuality "1"]

1. Nf3 Nf6 2. g3 d5 3. Bg2 e6 4. O-O Be7 5. d3 O-O 6. Nbd2 c5 7. e4 Nc6 8. Re1
b5 9. e5 Nd7 10. Nf1 Bb7 11. h4 b4 12. h5 h6 13. N1h2 a5 14. Bf4 a4 15. Qd2 a3
16. b3 c4 17. dxc4 dxc4 18. Rad1 Nb6 19. Qc1 Qc7 20. Ng4 cxb3 21. cxb3 Rac8 22.
Bxh6 Na5 23. Qf4 gxh6 24. Qxh6 Qc2 25. Ng5 1-0

[Event "Styrian op-A"]
[Site "Bad Gleichenberg"]
[Date "2013.07.09"]
[Round "4"]
[White "Danner, Georg"]
[Black "Moser, Eva"]
[Result "1-0"]
[WhiteElo "2315"]
[BlackElo "2446"]
[PlyCount "83"]
[EventDate "2013.07.06"]
[EventType "swiss"]
[EventRounds "9"]
[EventCountry "AUT"]
[SourceTitle "CBM 155 Extra"]
[Source "ChessBase"]
[SourceDate "2013.08.26"]
[SourceVersion "1"]
[SourceVersionDate "2013.08.26"]
[SourceQuality "1"]

1. d4 e6 2. Nf3 f5 3. g3 Nf6 4. Bg2 d5 5. c4 c6 6. O-O Bd6 7. b3 Qe7 8. Bb2 O-O
9. Qc1 b5 10. Ne5 Bb7 11. Nd2 Nbd7 12. f4 bxc4 13. bxc4 c5 14. Nxd7 Nxd7 15.
cxd5 exd5 16. Nc4 dxc4 17. Bxb7 Rab8 18. Bf3 Nb6 19. dxc5 Bxc5+ 20. Kg2 Qe3 21.
a4 Qxc1 22. Rfxc1 Nxa4 23. Be5 Rb4 24. Rxc4 Rxc4 25. Bd5+ Kh8 26. Bxc4 Nb6 27.
Be6 Re8 28. Bxf5 Nc4 29. Rc1 Ne3+ 30. Kf3 Bb6 31. Bd7 Rf8 32. Be6 h6 33. Rc6
Nf1 34. Bh3 Nd2+ 35. Kg2 Kh7 36. Bg4 g6 37. h4 h5 38. Bc8 Ne4 39. Ba6 Nc5 40.
Bb5 Nd7 41. Ba1 Nc5 42. Bd4 1-0

[Event "Styrian op-A"]
[Site "Bad Gleichenberg"]
[Date "2013.07.08"]
[Round "3"]
[White "Moser, Eva"]
[Black "Pallitsch, Clemens"]
[Result "1-0"]
[WhiteElo "2446"]
[BlackElo "2152"]
[PlyCount "63"]
[EventDate "2013.07.06"]
[EventType "swiss"]
[EventRounds "9"]
[EventCountry "AUT"]
[SourceTitle "CBM 155 Extra"]
[Source "ChessBase"]
[SourceDate "2013.08.26"]
[SourceVersion "1"]
[SourceVersionDate "2013.08.26"]
[SourceQuality "1"]

1. e4 c5 2. d3 Nc6 3. g3 g6 4. Bg2 Bg7 5. f4 e6 6. Nf3 Nge7 7. c3 d5 8. e5 b6
9. O-O O-O 10. Re1 a5 11. Be3 Ba6 12. Bf2 Rb8 13. a4 Qc7 14. Na3 Na7 15. c4
Nac6 16. Nb5 Bxb5 17. cxb5 Nb4 18. Qe2 Rbc8 19. Rac1 Na2 20. Ra1 Nb4 21. Rac1
Na2 22. Rcd1 Rfd8 23. g4 Bh6 24. Bh4 Bxf4 25. Qf2 Bh6 26. Bf6 Bf8 27. Ng5 h6
28. Re3 hxg5 29. Rh3 Bg7 30. Bxg7 Kxg7 31. Qf6+ Kf8 32. Rh7 1-0

[Event "Vienna (Women)"]
[Site "Vienna"]
[Date "2013.05.26"]
[Round "9"]
[White "Moser, Eva"]
[Black "Savina, Anastasia"]
[Result "1/2-1/2"]
[WhiteElo "2453"]
[BlackElo "2363"]
[PlyCount "91"]
[EventDate "2013.05.18"]
[EventType "tourn"]
[EventRounds "9"]
[EventCountry "AUT"]
[SourceTitle "CBM 154 Extra"]
[Source "ChessBase"]
[SourceDate "2013.06.25"]
[SourceVersion "2"]
[SourceVersionDate "2013.06.25"]
[SourceQuality "1"]

1. g3 g6 2. Bg2 c5 3. e4 Bg7 4. d3 Nc6 5. f4 d6 6. Nf3 e6 7. O-O Nge7 8. c3 O-O
9. Be3 b5 10. d4 cxd4 11. Nxd4 Nxd4 12. Bxd4 e5 13. fxe5 dxe5 14. Bc5 Qxd1 15.
Rxd1 Bg4 16. Re1 Rfe8 17. a4 bxa4 18. Rxa4 Nc6 19. Ra6 Rec8 20. b4 Bf8 21. Be3
Nxb4 22. cxb4 Bxb4 23. Bd2 Bc5+ 24. Kf1 Rab8 25. Nc3 Rb2 26. Ra2 Rxd2 27. Rxd2
Bb4 28. Nb1 Bxd2 29. Nxd2 Rc2 30. Nb3 Be6 31. Na5 Ra2 32. Nc6 a5 33. Ne7+ Kf8
34. Nd5 a4 35. Rb1 a3 36. Rb8+ Kg7 37. Ra8 Ra1+ 38. Kf2 Ra2+ 39. Kg1 Ra1+ 40.
Kf2 Ra2+ 41. Kg1 Ra1+ 42. Bf1 f5 43. Ra7+ Kf8 44. Ra8+ Kg7 45. Ra7+ Kf8 46.
Ra8+ 1/2-1/2

[Event "Vienna (Women)"]
[Site "Vienna"]
[Date "2013.05.25"]
[Round "8"]
[White "Exler, Veronika"]
[Black "Moser, Eva"]
[Result "0-1"]
[WhiteElo "2095"]
[BlackElo "2453"]
[PlyCount "54"]
[EventDate "2013.05.18"]
[EventType "tourn"]
[EventRounds "9"]
[EventCountry "AUT"]
[SourceTitle "CBM 154 Extra"]
[Source "ChessBase"]
[SourceDate "2013.06.25"]
[SourceVersion "2"]
[SourceVersionDate "2013.06.25"]
[SourceQuality "1"]

1. d4 c5 2. d5 d6 3. e4 g6 4. Nf3 Bg7 5. Nc3 Nf6 6. Bc4 O-O 7. O-O Bg4 8. h3
Bxf3 9. Qxf3 Nbd7 10. Qe2 Ne5 11. Bb3 Ne8 12. f4 Nd7 13. Bd2 a6 14. a4 b6 15.
Nd1 Nc7 16. Bc4 Qc8 17. Bc3 Qb7 18. Bxg7 Kxg7 19. Nc3 Rab8 20. Ra3 b5 21. Rb3
Nb6 22. axb5 Nxc4 23. Qxc4 axb5 24. Qe2 c4 25. Rb4 Qb6+ 26. Qf2 Qc5 27. Na2 Ra8
0-1

[Event "Vienna (Women)"]
[Site "Vienna"]
[Date "2013.05.24"]
[Round "7"]
[White "Moser, Eva"]
[Black "Schnegg, Anna Lena"]
[Result "1-0"]
[WhiteElo "2453"]
[BlackElo "2115"]
[PlyCount "41"]
[EventDate "2013.05.18"]
[EventType "tourn"]
[EventRounds "9"]
[EventCountry "AUT"]
[SourceTitle "CBM 154 Extra"]
[Source "ChessBase"]
[SourceDate "2013.06.25"]
[SourceVersion "2"]
[SourceVersionDate "2013.06.25"]
[SourceQuality "1"]

1. Nc3 d5 2. e4 e6 3. d4 Bb4 4. a3 Bxc3+ 5. bxc3 Ne7 6. Bd3 c5 7. exd5 exd5 8.
dxc5 O-O 9. Ne2 Bg4 10. Rb1 Qc8 11. h3 Bh5 12. Qd2 Re8 13. O-O Bxe2 14. Qxe2
Nd7 15. Qh5 Nf6 16. Qh4 Ng6 17. Qd4 Qc7 18. Be3 Ne4 19. c4 Ne5 20. cxd5 Nf6 21.
Bf4 1-0

[Event "Vienna (Women)"]
[Site "Vienna"]
[Date "2013.05.23"]
[Round "6"]
[White "Haast, Anne"]
[Black "Moser, Eva"]
[Result "0-1"]
[WhiteElo "2260"]
[BlackElo "2453"]
[PlyCount "102"]
[EventDate "2013.05.18"]
[EventType "tourn"]
[EventRounds "9"]
[EventCountry "AUT"]
[SourceTitle "CBM 154 Extra"]
[Source "ChessBase"]
[SourceDate "2013.06.25"]
[SourceVersion "2"]
[SourceVersionDate "2013.06.25"]
[SourceQuality "1"]

1. e4 e6 2. d4 d5 3. Nc3 Bb4 4. e5 c5 5. a3 Bxc3+ 6. bxc3 Qa5 7. Bd2 Qa4 8. Qb1
c4 9. g3 Nc6 10. Bg2 Bd7 11. Nh3 O-O-O 12. O-O Nge7 13. Qb2 Kc7 14. Rfb1 Rb8
15. Qc1 Ng6 16. f4 Nge7 17. Nf2 Rbf8 18. Nd1 f6 19. Nb2 Qa5 20. a4 fxe5 21.
fxe5 Kb8 22. Qe1 Be8 23. Nd1 Bh5 24. Ne3 Bf3 25. Bh3 Nd8 26. Bc1 Ka8 27. Ba3
Qc7 28. Rb5 Rf7 29. a5 h5 30. Bf1 h4 31. g4 h3 32. Rab1 Ng6 33. Bd6 Qd7 34. Rc5
Nh4 35. Bxc4 dxc4 36. Nxc4 Bc6 37. Nb6+ axb6 38. axb6 Nf3+ 39. Kf2 Nxe1+ 40.
Kxe1 Qxd6 41. exd6 Kb8 42. c4 Rf4 43. Ra1 Rhf8 44. Ra2 Re4+ 45. Kd2 Rxd4+ 46.
Kc3 Rxd6 47. Rca5 Kc8 48. Rg5 Rf7 49. Rh5 Kd7 50. Ra8 Ke7 51. g5 Rf5 0-1

[Event "Vienna (Women)"]
[Site "Vienna"]
[Date "2013.05.21"]
[Round "4"]
[White "Umudova, Nargiz"]
[Black "Moser, Eva"]
[Result "0-1"]
[WhiteElo "2233"]
[BlackElo "2453"]
[PlyCount "112"]
[EventDate "2013.05.18"]
[EventType "tourn"]
[EventRounds "9"]
[EventCountry "AUT"]
[SourceTitle "CBM 154 Extra"]
[Source "ChessBase"]
[SourceDate "2013.06.25"]
[SourceVersion "2"]
[SourceVersionDate "2013.06.25"]
[SourceQuality "1"]

1. e4 e6 2. d4 d5 3. Nc3 Nf6 4. Bg5 dxe4 5. Nxe4 Be7 6. Bxf6 gxf6 7. Qd2 Qd5 8.
Nc3 Qg5 9. f4 Qa5 10. Bc4 Nd7 11. O-O-O Nb6 12. Bb3 Bd7 13. Qf2 c5 14. dxc5
Qxc5 15. Qe2 O-O-O 16. Nf3 Bc6 17. Rhe1 Kb8 18. g3 Rxd1+ 19. Rxd1 Rd8 20. Rxd8+
Bxd8 21. Ne4 Qb4 22. Ned2 a5 23. Qd3 Bc7 24. c3 Qc5 25. Nd4 f5 26. Nxc6+ Qxc6
27. Bd1 a4 28. a3 Nd7 29. Bf3 Nc5 30. Qe3 Qb5 31. Kc2 Bb6 32. Qe2 Qxe2 33. Bxe2
Kc7 34. Bf3 Nd7 35. Bh5 f6 36. Bf7 Nf8 37. Be8 Nd7 38. Bf7 Nc5 39. Nc4 Ba7 40.
Nd2 Kd7 41. Bh5 e5 42. fxe5 fxe5 43. Bf3 e4 44. Be2 Ke6 45. Nf1 Bb8 46. Bc4+
Kf6 47. Ne3 h5 48. Ng2 Kg5 49. Be2 h4 50. Nxh4 f4 51. Bf1 f3 52. Kd2 Nd7 53.
Bh3 Nf6 54. Nf5 Ng4 55. Bxg4 Kxg4 56. c4 Kh3 0-1

[Event "Vienna (Women)"]
[Site "Vienna"]
[Date "2013.05.20"]
[Round "3"]
[White "Dornbusch, Tatiana"]
[Black "Moser, Eva"]
[Result "0-1"]
[WhiteElo "2321"]
[BlackElo "2453"]
[PlyCount "106"]
[EventDate "2013.05.18"]
[EventType "tourn"]
[EventRounds "9"]
[EventCountry "AUT"]
[SourceTitle "CBM 154 Extra"]
[Source "ChessBase"]
[SourceDate "2013.06.25"]
[SourceVersion "2"]
[SourceVersionDate "2013.06.25"]
[SourceQuality "1"]

1. d4 c5 2. d5 d6 3. e4 g6 4. Nc3 Bg7 5. Bb5+ Nd7 6. a4 a6 7. Be2 b6 8. Nf3
Ngf6 9. O-O O-O 10. Nd2 Bb7 11. Re1 Re8 12. Ra3 Qc7 13. Nc4 Ne5 14. Rb3 Nxc4
15. Bxc4 e5 16. dxe6 fxe6 17. Bf4 Rad8 18. Qd3 Nh5 19. Bg5 Ra8 20. Rd1 Be5 21.
Qh3 Bc8 22. Ne2 Qc6 23. Qd3 Bb7 24. f3 Kh8 25. g4 Nf6 26. Kg2 Nxe4 27. fxe4
Qxe4+ 28. Qxe4 Bxe4+ 29. Rf3 Bxf3+ 30. Kxf3 d5 31. Ba2 b5 32. c3 Kg7 33. Kg2
bxa4 34. Bc1 Rab8 35. Re1 Bd6 36. h3 Re7 37. Ng1 h6 38. Re2 Rf8 39. Bb1 Bf4 40.
Bxf4 Rxf4 41. Nf3 Rb7 42. Kg3 Rf6 43. Ba2 c4 44. Ne5 Rf1 45. Bxc4 a3 46. Bxa6
a2 47. Bxb7 a1=Q 48. Nf3 Qa7 49. Bc6 Qf7 50. Re3 Rxf3+ 51. Rxf3 Qc7+ 52. Kf2
Qxc6 53. b4 e5 0-1

[Event "Vienna (Women)"]
[Site "Vienna"]
[Date "2013.05.19"]
[Round "2"]
[White "Moser, Eva"]
[Black "Newrkla, Katharina"]
[Result "1-0"]
[WhiteElo "2453"]
[BlackElo "2133"]
[PlyCount "59"]
[EventDate "2013.05.18"]
[EventType "tourn"]
[EventRounds "9"]
[EventCountry "AUT"]
[SourceTitle "CBM 154 Extra"]
[Source "ChessBase"]
[SourceDate "2013.06.25"]
[SourceVersion "2"]
[SourceVersionDate "2013.06.25"]
[SourceQuality "1"]

1. e4 e5 2. Nf3 Nc6 3. d3 Nf6 4. Be2 d5 5. Nbd2 Bc5 6. O-O O-O 7. c3 a5 8. a4
Re8 9. h3 h6 10. Re1 b6 11. Qc2 Bb7 12. Nf1 Qd7 13. Ng3 Bf8 14. Bd2 Rad8 15.
Rad1 Qc8 16. Bc1 d4 17. Rf1 Rd7 18. Nh2 Qd8 19. Kh1 Ne7 20. cxd4 Rxd4 21. Nf3
Nc6 22. Nxd4 Nxd4 23. Qb1 Nd7 24. Bg4 Nc5 25. Ne2 Nxa4 26. Nxd4 Qxd4 27. Be3
Qb4 28. f4 exf4 29. Rxf4 Rd8 30. Qa2 1-0

[Event "Vienna (Women)"]
[Site "Vienna"]
[Date "2013.05.18"]
[Round "1"]
[White "Kopinits, Anna Christina"]
[Black "Moser, Eva"]
[Result "1/2-1/2"]
[WhiteElo "2254"]
[BlackElo "2453"]
[PlyCount "125"]
[EventDate "2013.05.18"]
[EventType "tourn"]
[EventRounds "9"]
[EventCountry "AUT"]
[SourceTitle "CBM 154 Extra"]
[Source "ChessBase"]
[SourceDate "2013.06.25"]
[SourceVersion "2"]
[SourceVersionDate "2013.06.25"]
[SourceQuality "1"]

1. e4 e6 2. d4 d5 3. Nd2 Nf6 4. e5 Nfd7 5. f4 c5 6. c3 cxd4 7. cxd4 Nc6 8. Ndf3
f5 9. Bd3 Nb6 10. Ne2 Be7 11. O-O Bd7 12. a3 a5 13. b3 a4 14. b4 Na7 15. Nc3
O-O 16. Bb2 Qe8 17. Qe2 Kh8 18. Kh1 Rc8 19. Rg1 Qh5 20. Rac1 Qg4 21. Qe3 Nc4
22. Bxc4 Rxc4 23. Nxd5 Rxc1 24. Rxc1 exd5 25. Rc7 Rc8 26. Rxd7 Rc2 27. Ne1 Rxb2
28. Rxe7 h6 29. h3 Qh4 30. Re8+ Kh7 31. Kh2 Rb3 32. Nd3 Nc6 33. b5 Rxb5 34. Nc5
Rb2 35. Nxa4 Rf2 36. Nc5 Qxf4+ 37. Qxf4 Rxf4 38. Nxb7 Rxd4 39. Nd6 f4 40. e6
Rd2 41. Rf8 Nd4 42. Rxf4 Nxe6 43. Rf3 g5 44. Kg1 Nf4 45. Rf2 Rd1+ 46. Rf1 Rd3
47. Rf3 Rxf3 48. gxf3 Nxh3+ 49. Kf1 Nf4 50. a4 Ne6 51. Nb5 Nc5 52. a5 Na6 53.
Ke2 h5 54. Nc3 Nc7 55. Ke3 Kg6 56. Kd4 h4 57. Ne2 Kf5 58. Kc5 g4 59. fxg4+ Kxg4
60. Ng1 Kf4 61. Kc6 Na6 62. Kxd5 Kg3 63. Ke4 1/2-1/2

[Event "AUT-chT2M 1213"]
[Site "Austria"]
[Date "2013.04.21"]
[Round "11.5"]
[White "Humer, Wolfgang"]
[Black "Moser, Eva"]
[Result "0-1"]
[WhiteElo "2268"]
[BlackElo "2443"]
[PlyCount "60"]
[EventDate "2012.10.19"]
[EventType "team-tourn"]
[EventRounds "11"]
[EventCountry "AUT"]
[SourceTitle "EXT 2014"]
[Source "ChessBase"]
[SourceDate "2013.11.20"]
[SourceVersion "1"]
[SourceVersionDate "2013.11.20"]
[SourceQuality "1"]
[WhiteTeam "Grieskirchen/Schallerbach"]
[BlackTeam "Wolfsberg"]
[WhiteTeamCountry "AUT"]
[BlackTeamCountry "AUT"]

1. Nf3 d5 2. d3 Nc6 3. g3 e5 4. Bg2 f6 5. Nbd2 Be6 6. c3 Qd7 7. e4 dxe4 8. dxe4
O-O-O 9. Qe2 h5 10. Nb3 Bc4 11. Qc2 Bd3 12. Qd1 Bxe4 13. Qxd7+ Rxd7 14. Nbd2
Bd3 15. Bh3 f5 16. Nh4 Nge7 17. Ndf3 g6 18. Ng5 Bh6 19. Be3 Rg8 20. O-O-O e4
21. Ne6 Bxe3+ 22. fxe3 g5 23. Bxf5 gxh4 24. Bh3 Rd6 25. gxh4 Kb8 26. Rhg1 Rxg1
27. Rxg1 Be2 28. Rg7 a6 29. Nf4 Bf3 30. Rh7 Nd5 0-1

[Event "Neckar op-A 17th"]
[Site "Deizisau"]
[Date "2013.03.31"]
[Round "7"]
[White "Edouard, Romain"]
[Black "Moser, Eva"]
[Result "1-0"]
[WhiteElo "2680"]
[BlackElo "2446"]
[PlyCount "83"]
[EventDate "2013.03.28"]
[EventType "swiss"]
[EventRounds "9"]
[EventCountry "GER"]
[SourceTitle "CBM 153 Extra"]
[Source "ChessBase"]
[SourceDate "2013.04.22"]
[SourceVersion "1"]
[SourceVersionDate "2013.04.22"]
[SourceQuality "1"]

1. d4 d5 2. c4 e6 3. Nf3 c5 4. e3 Nf6 5. cxd5 exd5 6. Bb5+ Bd7 7. Bxd7+ Nbxd7
8. dxc5 Nxc5 9. O-O Nce4 10. Bd2 Nxd2 11. Qxd2 Qb6 12. Nc3 Rd8 13. Qc2 Be7 14.
Qa4+ Kf8 15. Rad1 g6 16. Rd3 Kg7 17. Qc2 Bb4 18. a3 Bxc3 19. Rxc3 Rd7 20. Rc1
Ne4 21. Rd3 Rhd8 22. Nd4 h5 23. f3 Nf6 24. Rb3 Qd6 25. Nb5 Qe5 26. Qc3 Qxc3 27.
Rcxc3 a6 28. Nd4 Ne8 29. Rc5 Kf8 30. Kf2 Ke7 31. Rb6 Ng7 32. Rc3 Ne6 33. Nxe6
fxe6 34. Rcb3 Rc8 35. Rxb7 Rc2+ 36. Kg3 h4+ 37. Kh3 e5 38. R7b4 g5 39. Rg4 d4
40. exd4 exd4 41. Rd3 Rxb2 42. Rxg5 1-0

[Event "Neckar op-A 17th"]
[Site "Deizisau"]
[Date "2013.03.30"]
[Round "4"]
[White "Moser, Eva"]
[Black "Naiditsch, Arkadij"]
[Result "0-1"]
[WhiteElo "2446"]
[BlackElo "2706"]
[PlyCount "82"]
[EventDate "2013.03.28"]
[EventType "swiss"]
[EventRounds "9"]
[EventCountry "GER"]
[SourceTitle "CBM 153 Extra"]
[Source "ChessBase"]
[SourceDate "2013.04.22"]
[SourceVersion "1"]
[SourceVersionDate "2013.04.22"]
[SourceQuality "1"]

1. e4 e6 2. d3 d5 3. Nd2 Nf6 4. Ngf3 c5 5. g3 Nc6 6. Bg2 Be7 7. O-O O-O 8. Re1
b5 9. e5 Ne8 10. Nf1 Nc7 11. h4 b4 12. N1h2 Nb5 13. h5 f5 14. exf6 gxf6 15. Ng4
Kh8 16. Nh6 Nbd4 17. Nh2 Rb8 18. c3 Nb5 19. Bd2 Ne5 20. Rxe5 fxe5 21. N2g4 Bd6
22. Qe1 Qc7 23. cxb4 c4 24. dxc4 dxc4 25. Bc3 Nxc3 26. bxc3 Qg7 27. Qe3 Bc7 28.
Qxa7 e4 29. Rc1 e5 30. a4 Rb6 31. a5 Rd6 32. Qc5 Bb8 33. b5 Bxg4 34. Nxg4 Qxg4
35. b6 Rdf6 36. Rf1 Bd6 37. Qxc4 Qxh5 38. a6 Rh6 39. Re1 Qh2+ 40. Kf1 Rhf6 41.
Re2 Qxg3 0-1

[Event "AUT-chT2M 1213"]
[Site "Austria"]
[Date "2013.03.24"]
[Round "8.5"]
[White "Theuretzbacher, Klaus"]
[Black "Moser, Eva"]
[Result "0-1"]
[WhiteElo "2234"]
[BlackElo "2443"]
[PlyCount "84"]
[EventDate "2012.10.19"]
[EventType "team-tourn"]
[EventRounds "11"]
[EventCountry "AUT"]
[SourceTitle "EXT 2014"]
[Source "ChessBase"]
[SourceDate "2013.11.20"]
[SourceVersion "1"]
[SourceVersionDate "2013.11.20"]
[SourceQuality "1"]
[WhiteTeam "St Valentin"]
[BlackTeam "Wolfsberg"]
[WhiteTeamCountry "AUT"]
[BlackTeamCountry "AUT"]

1. e4 d6 2. f4 d5 3. Nc3 dxe4 4. Nxe4 Nf6 5. Bd3 Nc6 6. Nf3 Nb4 7. Nxf6+ exf6
8. Be2 Bd6 9. g3 Bh3 10. Kf2 O-O 11. a3 Nd5 12. d4 c5 13. c4 Ne7 14. d5 b5 15.
Re1 bxc4 16. Bxc4 Qd7 17. b3 h5 18. Qd3 Nf5 19. Ra2 h4 20. gxh4 Nh6 21. Bb5 Qc7
22. Qc4 Rab8 23. Rg1 Nf5 24. Rg3 Nxg3 25. hxg3 Bd7 26. Ba6 Rfe8 27. Be3 Qa5 28.
Bd2 Qb6 29. Rb2 Bf5 30. a4 Re4 31. a5 Qc7 32. Qf1 c4 33. Rc2 Qc5+ 34. Kg2 c3
35. Rxc3 Qxd5 36. Rd3 Qc6 37. Bc4 Rxc4 38. Rxd6 Qxd6 39. Qxc4 Be6 40. Qd4 Qxd4
41. Nxd4 Bxb3 42. Nc6 Bd5+ 0-1

[Event "AUT-chT2M 1213"]
[Site "Austria"]
[Date "2013.03.23"]
[Round "7.6"]
[White "Moser, Eva"]
[Black "Knoll, Martin"]
[Result "0-1"]
[WhiteElo "2443"]
[BlackElo "2081"]
[PlyCount "111"]
[EventDate "2012.10.19"]
[EventType "team-tourn"]
[EventRounds "11"]
[EventCountry "AUT"]
[SourceTitle "EXT 2014"]
[Source "ChessBase"]
[SourceDate "2013.11.20"]
[SourceVersion "1"]
[SourceVersionDate "2013.11.20"]
[SourceQuality "1"]
[WhiteTeam "Wolfsberg"]
[BlackTeam "Gleisdorf"]
[WhiteTeamCountry "AUT"]
[BlackTeamCountry "AUT"]

1. g3 c6 2. Bg2 d5 3. Nf3 g6 4. c4 Bg7 5. Qa4 dxc4 6. Qxc4 Be6 7. Qc2 Nf6 8.
O-O O-O 9. Nc3 Na6 10. d3 Rc8 11. Bd2 Nb4 12. Qb1 Nbd5 13. h3 Nh5 14. Kh2 f5
15. Ng5 Qd6 16. f4 Bd7 17. Qe1 Nxc3 18. bxc3 e5 19. Rb1 b6 20. c4 h6 21. Nf3
exf4 22. gxf4 g5 23. Ng1 Rce8 24. Qf2 Bd4 25. Qe1 Be3 26. Bxe3 Rxe3 27. Qf2
Rfe8 28. Be4 fxe4 29. Qxe3 gxf4 30. c5 bxc5 31. Rxf4 Qxf4+ 32. Qxf4 Nxf4 33.
Rb7 Bf5 34. Rxa7 exd3 35. exd3 Bxd3 36. a4 Nd5 37. Ra5 c4 38. Rc5 Re6 39. Nf3
Nb4 40. Ne5 Rd6 41. Nxc4 Rd5 42. Rxd5 cxd5 43. Ne5 Ba6 44. Kg3 Kg7 45. h4 d4
46. Kf3 d3 47. Ke3 Kf6 48. Nd7+ Kf5 49. Nc5 Bc8 50. Kd2 Kf4 51. a5 Kf3 52. Nb3
Ke4 53. Nc5+ Kd4 54. Na4 Nc6 55. Nb2 Ba6 56. Nc4 0-1

[Event "AUT-chT2M 1213"]
[Site "Austria"]
[Date "2013.03.22"]
[Round "6.6"]
[White "Rieger, Robert"]
[Black "Moser, Eva"]
[Result "0-1"]
[WhiteElo "2124"]
[BlackElo "2443"]
[PlyCount "108"]
[EventDate "2012.10.19"]
[EventType "team-tourn"]
[EventRounds "11"]
[EventCountry "AUT"]
[SourceTitle "EXT 2014"]
[Source "ChessBase"]
[SourceDate "2013.11.20"]
[SourceVersion "1"]
[SourceVersionDate "2013.11.20"]
[SourceQuality "1"]
[WhiteTeam "Maria Saal"]
[BlackTeam "Wolfsberg"]
[WhiteTeamCountry "AUT"]
[BlackTeamCountry "AUT"]

1. e4 e6 2. d4 d5 3. Nc3 Nf6 4. e5 Nfd7 5. f4 c5 6. Nf3 Nc6 7. Be3 Be7 8. Qd2
a6 9. Be2 b5 10. a3 Qb6 11. Nd1 f6 12. c3 O-O 13. O-O cxd4 14. cxd4 Na5 15. Rb1
Nc4 16. Bxc4 bxc4 17. Nc3 f5 18. Qc2 Qc6 19. a4 a5 20. Nd2 Ba6 21. Ra1 Rab8 22.
Rfc1 Rb4 23. Na2 Rb7 24. b3 Rc8 25. bxc4 dxc4 26. Nc3 Nb6 27. Ndb1 Bb4 28. h3
Rf7 29. Kh2 Kh8 30. Ra2 Rg8 31. Rg1 Bb7 32. Qe2 Qd7 33. Bf2 Bc6 34. d5 Nxd5 35.
Qxc4 Rc8 36. Qd4 Nxc3 37. Nxc3 Bxc3 38. Qxc3 Bd5 39. Qa3 Bxa2 40. Qxa2 Qc6 41.
Be3 h6 42. Rd1 Qc4 43. Rd8+ Kh7 44. Qxc4 Rxc4 45. Re8 Rxa4 46. Rxe6 Re4 47. Bc5
a4 48. Ra6 Rc7 49. Bf8 Rc8 50. Ba3 Rxf4 51. e6 Re4 52. e7 Kg8 53. Ra5 g6 54.
Rd5 Re8 0-1

[Event "BL 1213 (Women)"]
[Site "Germany"]
[Date "2013.03.10"]
[Round "11.2"]
[White "Jaracz, Barbara"]
[Black "Moser, Eva"]
[Result "0-1"]
[WhiteElo "2302"]
[BlackElo "2443"]
[PlyCount "96"]
[EventDate "2012.10.06"]
[EventType "team-tourn"]
[EventRounds "11"]
[EventCountry "GER"]
[SourceTitle "EXT 2014"]
[Source "ChessBase"]
[SourceDate "2013.11.20"]
[SourceVersion "1"]
[SourceVersionDate "2013.11.20"]
[SourceQuality "1"]
[WhiteTeam "Guben (W)"]
[BlackTeam "Baden-Baden (W)"]
[WhiteTeamCountry "GER"]
[BlackTeamCountry "GER"]

1. e4 e6 2. d4 d5 3. Nd2 c5 4. exd5 exd5 5. Ngf3 Nf6 6. Bb5+ Bd7 7. Bxd7+ Nbxd7
8. O-O Be7 9. dxc5 Nxc5 10. Nb3 Nce4 11. Nbd4 O-O 12. c3 Bd6 13. Nf5 Bc7 14.
Be3 g6 15. Ng3 Re8 16. Bd4 Qd6 17. Qc1 Ng4 18. Ng5 Nxg3 19. fxg3 Re7 20. Nf3
Bb6 21. Qd2 Rae8 22. Rfe1 Re4 23. Ng5 Bxd4+ 24. cxd4 Rxe1+ 25. Rxe1 Re7 26. h3
Nf6 27. Rxe7 Qxe7 28. g4 Kg7 29. Qf4 h6 30. Nf3 Ne4 31. Ne5 Qc7 32. Nxg6 Qc4
33. Ne5 Qxd4+ 34. Kh2 Qf2 35. Nf3 Qxb2 36. g5 hxg5 37. Nxg5 Qf6 38. Qxf6+ Kxf6
39. Nf3 Nc3 40. a3 b5 41. Nd4 Ke5 42. Nc6+ Ke4 43. h4 d4 44. h5 d3 45. h6 d2
46. h7 d1=Q 47. h8=Q Qd6+ 48. g3 Qxc6 0-1

[Event "BL 1213 (Women)"]
[Site "Germany"]
[Date "2013.03.09"]
[Round "10.2"]
[White "Moser, Eva"]
[Black "Schneider, Veronika"]
[Result "1-0"]
[WhiteElo "2443"]
[BlackElo "2313"]
[PlyCount "135"]
[EventDate "2012.10.06"]
[EventType "team-tourn"]
[EventRounds "11"]
[EventCountry "GER"]
[SourceTitle "EXT 2014"]
[Source "ChessBase"]
[SourceDate "2013.11.20"]
[SourceVersion "1"]
[SourceVersionDate "2013.11.20"]
[SourceQuality "1"]
[WhiteTeam "Baden-Baden (W)"]
[BlackTeam "Hamburger SK (W)"]
[WhiteTeamCountry "GER"]
[BlackTeamCountry "GER"]

1. g3 g6 2. Bg2 Bg7 3. e4 c5 4. f4 d6 5. Nh3 Nc6 6. O-O e6 7. d3 Nge7 8. c3 O-O
9. Nd2 b5 10. g4 Qb6 11. f5 exf5 12. gxf5 Bf6 13. Nf3 b4 14. Bh6 Ba6 15. Rb1
bxc3 16. bxc3 Qa5 17. Bxf8 Rxf8 18. c4 Nb4 19. Rf2 Nec6 20. Kh1 Bc8 21. Qd2 Bg7
22. Nf4 Qa3 23. Rb3 Qa4 24. Bf1 Ne5 25. Nxe5 Bxe5 26. f6 Bxf6 27. Nh5 gxh5 28.
Rg2+ Bg4 29. h3 Qd7 30. Be2 h6 31. hxg4 h4 32. d4 Qe7 33. e5 Bg5 34. Qb2 dxe5
35. d5 Bf6 36. a3 e4 37. Qb1 Nd3 38. Bxd3 exd3 39. Qxd3 Re8 40. Rb1 Bd4 41. Rf1
Qe3 42. Qxe3 Rxe3 43. g5 Rh3+ 44. Rh2 Rxh2+ 45. Kxh2 Be5+ 46. Kh3 hxg5 47. Re1
f6 48. a4 a5 49. Rd1 Kf7 50. Kg4 Ke7 51. Rd3 Kd6 52. Rb3 Bd4 53. Kf5 Be5 54.
Kg4 Bd4 55. Rb6+ Kd7 56. Rb5 Kd6 57. Rxa5 Ke5 58. Ra6 Bc3 59. Re6+ Kd4 60. d6
Kxc4 61. d7 Ba5 62. Rxf6 Kb4 63. Ra6 Bd8 64. Ra8 Bc7 65. a5 Kb5 66. a6 Kc6 67.
a7 Kb7 68. Rc8 1-0